000 00331nam a22001337a 4500
008 180912b xxu||||| |||| 00| 0 eng d
020 _a9780787981150
041 _aeng
080 _a371
100 _a49
101 _aEDU
245 _aThe Advanced Of Learning Building The Teaching Commons
_cHuber M.T
942 _2udc
_cBK
999 _c47690
_d47690